00577nam a2200205 a 4500001001300000003000900013005001700022008004100039020002600080082001700106100002400123245005000147260003300197300000900230500003500239505001000274650003600284650002700320700002400347nice12345678IN_TiNIC20260116012842.0050524s1985 newa grp 000 0 eng  a0883442 c536.5500a232.098bBON aBonino, Jose Miguez aFaces of Jesusb Latin American Christologies aNew YorkbOrbis Books c1985 a186p aincludes index and biblioraphy2 aIndex aJesus Christ-Person and Offices aTheology-Latin-America1 aBonino, Jose Miguez